书目信息 |
| 题名: |
教育人力资源管理
|
|
| 作者: | 瑞布 著 ;褚宏启 译 | |
| 分册: | ||
| 出版信息: | 重庆 重庆大学出版社 2003 |
|
| 页数: | 321页 | |
| 开本: | 24cm | |
| 丛书名: | 学校管理新趋向译丛 | |
| 单 册: | ||
| 中图分类: | G472.3 | |
| 科图分类: | ||
| 主题词: | 学校管理--劳动力资源--资源管理 , 学校管理 , 劳动力资源 , 资源管理 | |
| 电子资源: | ||
| ISBN: | 7-5624-2982-0 | |
| 000 | 01168oam2 2200313 450 | |
| 001 | 1559585686 | |
| 005 | 20150203163316.12 | |
| 010 | @a7-5624-2982-0@dCNY42.00 | |
| 100 | @a20031203d2003 em y0chiy50 ea | |
| 101 | 1 | @achi@ceng |
| 102 | @aCN@b500000 | |
| 105 | @ay z 000yy | |
| 200 | 1 | @a教育人力资源管理@9jiao yu ren li zi yuan guan li@e一种管理的趋向@f(美)罗纳德·W.瑞布(Ronald W.Rebore)著@g褚宏启等主译 |
| 210 | @a重庆@c重庆大学出版社@d2003 | |
| 215 | @a321页@d24cm | |
| 225 | 2 | @a学校管理新趋向译丛 |
| 305 | @aPearson Education,Inc.授权出版,据原书第六版译出 | |
| 330 | @a本书共有十章,围绕人力资源管理的职能,分别就人力资源的规划、招募、甄选、安置与入职、雇员发展、评价、报酬和集体谈判问题进行了专章讨论。 | |
| 461 | 0 | @12001 @a学校管理新趋向译丛 |
| 510 | 1 | @aHuman Resources Administration in Education@eA Management Approach@zeng |
| 606 | 0 | @a学校管理@x劳动力资源@x资源管理 |
| 606 | 0 | @a学校管理 |
| 606 | 0 | @a劳动力资源 |
| 606 | 0 | @a资源管理 |
| 690 | @aG472.3@v5 | |
| 701 | 0 | @c(美)@a瑞布@9rui bu@c(Rebore, Ronald W.)@4著 |
| 702 | 0 | @a褚宏启@9chu hong qi@f(1967~)@4译 |
| 801 | 0 | @aCN@bTSSF@c20150203 |
| 905 | @aZUCC@dG472.3@eJY2 | |
| 教育人力资源管理:一种管理的趋向/(美)罗纳德·W.瑞布(Ronald W.Rebore)著/褚宏启等主译.-重庆:重庆大学出版社,2003 |
| 321页;24cm.-(学校管理新趋向译丛) |
| ISBN 7-5624-2982-0:CNY42.00 |
| 本书共有十章,围绕人力资源管理的职能,分别就人力资源的规划、招募、甄选、安置与入职、雇员发展、评价、报酬和集体谈判问题进行了专章讨论。 |
| ● |
| 相关链接 |
|
|
|
|
正题名:教育人力资源管理
索取号:G472.3/JY2
 
预约/预借
| 序号 | 登录号 | 条形码 | 馆藏地/架位号 | 状态 | 备注 |
| 1 | 7865347 | 278653477 | 学院路分馆/ [索取号:G472.3/JY2] | 在馆 |